000 00560nam a2200205Ia 4500
008 240510s9999 xx 000 0 und d
020 _a9788126502806
041 _aEng
082 _a005.437
082 _bG14
100 _aGALITZ; WILBERT O.
245 4 _aThe Essential Guide to User Interface Design: An Introduction to GUI Design Principles and Techniques
250 _a2nd ed.
260 _bNew Delhi: Wiley India pvt Ltd
260 _c2002
300 _a760 p.
650 _aProgramming:User Interface Design
942 _2ddc
942 _cLBK
999 _c29255
_d29255
945 _a1
_bMadushi Gamage
_c1
_dMadushi Gamage